Регионална библиотека "Любен Каравелов" - Русе

Литературни анализи за ХІ - ХІІ клас (Запис номер 108091)

MARC детайли
000 -Лидер
Контролно поле с фиксирана дължина 02030nam a2200397 c 4500
003 - Код на организацията, давaща контролен номер
Контролно поле BLK
005 - Дата и час на последна редакция
Контролно поле 20230407030347.0
008 - Елементи от данни с фиксирана дължина
fixed length control field 180409b bul|||||r ||||||| ||bul||
010 ## - Наследен системен номер
LC control number KNG00113389000
020 ## - Международен стандартен номер на книга ISBN
Международен стандартен номер на книга ISBN 954-516-459-Х
-- издат.: Летера - на том(ч. 3)
040 ## - Източник на каталожния запис
Идентификатор на билиотеката - собственик на записа BLK
041 ## - Код за език
Код за езика на текст/звукозапис или на отделно заглавие Български
Код за езика КДБФ Български
080 ## - УДК
Текстов определител УДК Българска литература
УДК код - определител по УДК 821.163.2
УДК определител .09(075.3)
УДК - код + определител 821.163.2.09(075.3)
080 ## - УДК
Текстов определител УДК Литературна дейност. Редактиране. Култура на речта. Стилистика. Литературна техника
УДК код - определител по УДК 808
УДК определител (075.3)
УДК - код + определител 808(075.3)
100 1# - Редна дума - Автор
Автор Григоров, Илия Георгиев
Авторска отговорност първи автор
R(LIN) 311132
139 ## - Редно поле
Редна дума Григоров, Илия Георгиев
Авторски знак Григ - Г 82
245 10 - Сведения за заглавието
Заглавие Литературни анализи за ХІ - ХІІ клас
Подзаглавни данни Ч. 1 - 3
Редно поле (дума) Илия Георгиев Григоров.
Том Ч. 3
Заглавие на том Литературно-интерпретативно съчинение върху проза
257 ## - Страна на издаване
Страна на създаване/издаване България
260 ## - Област на издателските данни
-- Пловдив
Година на издаване 2003 -
Печатница За том: В. Търново : Абагар
300 ## - Физическа характеристика
Размери/Мащаб 20 см
380 ## - Жанр
Жанр Литературознание
500 ## - Общи забележки
Забележка Офс. изд. - 1 500 тир.
650 #4 - Допълнително описание по предмет – тема
Основно описание – тема или топоним Българска литература - учебни помагала
9 (RLIN) 242720
650 #4 - Допълнително описание по предмет – тема
Основно описание – тема или топоним Съчинение и преразказ - учебници за средни училища
9 (RLIN) 262071
653 ## - Ключова дума – ненормативна
Ключова дума българска литература
653 ## - Ключова дума – ненормативна
Ключова дума литературноинтерпретативно съчинение
653 ## - Ключова дума – ненормативна
Ключова дума учебници за средни училища
653 ## - Ключова дума – ненормативна
Ключова дума ХІ кл.
653 ## - Ключова дума – ненормативна
Ключова дума ХІІ кл.
760 1# - Описание на основната серия
-- - на том(ч. 3)
Редна дума на основното описание Григоров, Илия Георгиев
Място на издаване, издател и година Летера
Страници - том 156 с.
Заглавие Ч. 3 Литературно-интерпретативно съчинение върху проза
852 ## - Местоположение
Форматна сигнатура Цб 219752
856 4# - Електронен адрес и достъп
Електронен формат pdf - файл
Път до файла /url/
856 4# - Електронен адрес и достъп
Електронен формат pdf - файл
Път до файла /url/
942 ## - АРТИКУЛИ
Вид на библиотечния материал Книги
Скрит в OPAC Не
944 ## - СЪЗДАВАНЕ И РЕДАКЦИЯ на ЗАПИСА
Създаване/Редакция Създаване
Дата на регистрацията/редакция 03.06.2004
Служител, извършил регистрацията/редакцията Валя_Йорданова
944 ## - СЪЗДАВАНЕ И РЕДАКЦИЯ на ЗАПИСА
Създаване/Редакция Редакция
Дата на регистрацията/редакция 21.03.2005
Служител, извършил регистрацията/редакцията
999 ## - СИСТЕМНИ КОНТРОЛНИ НОМЕРА
Koha biblionumber 108091
Koha biblioitemnumber 108091
Наличности
Код за отписване Код за изгубен артикул Източник на класификационната схема Код за повреда Коз за рестрикции Код за отдаване Артикулен № Име на библиотеката - собственик Име на библиотеката, в която се намира в момента Статус (Текущо местоположение) Дата на вписване в системата Местоположение - отдел Цена в лева Инвентарен номер Систематично азбучна сигнатура Баркод Номер на екземпляра Цена в евро Служебна бележка Служебен тип на артикула
Изтеглен Не е изгубен Universal Decimal Classification Не е повреден без рестрикции заемане за дома 174362 Регионална библиотека "Любен Каравелов" Русе Регионална библиотека "Любен Каравелов" Русе Заемна - подръчен фонд 2004-05-31 Заемна - подръчен фонд 5.50 120000685907 П 886.7.09/Г 82 120000685907 1 2.81 Дост: Pk Вид: Ф N: 4 Дата: 31.05.2004 Книги
Изтеглен Не е изгубен   Не е повреден без рестрикции ползва се в читалня 174363 Регионална библиотека "Любен Каравелов" Русе Регионална библиотека "Любен Каравелов" Русе Читалня 2004-05-31 Читалня 5.50 120000685908 Ч 886.7.09/Г 82 120000685908 2 2.81 Дост: Pk Вид: Ф N: 4 Дата: 31.05.2004 Дата инв: 29.03.2017 Бележки инв: Ч2017 Книги
  Не е изгубен Universal Decimal Classification Не е повреден без рестрикции заемане за дома 174364 Регионална библиотека "Любен Каравелов" Русе Регионална библиотека "Любен Каравелов" Русе Заемна - подръчен фонд 2004-10-11 Заемна - подръчен фонд 5.50 120000689183 821.163.2.09/Г 82 И 120000689183 3 2.81 Дост: Pk Вид: Ф N: 8892 Дата: 08.10.2004 Дата инв: 07.02.2018 Бележки инв: П2018 Книги
Изтеглен Не е изгубен Universal Decimal Classification Не е повреден без рестрикции заемане за дома 174365 Регионална библиотека "Любен Каравелов" Русе Регионална библиотека "Любен Каравелов" Русе Заемна - подръчен фонд 2004-10-11 Заемна - подръчен фонд 5.50 120000689184 П 886.7.09/Г 82 120000689184 4 2.81 Дост: Pk Вид: Ф N: 8892 Дата: 08.10.2004 Дата инв: 19.02.2018 Бележки инв: П2018 Книги
  Не е изгубен   Не е повреден без рестрикции ползва се в читалня 174366 Регионална библиотека "Любен Каравелов" Русе Регионална библиотека "Любен Каравелов" Русе Хранилище 2005-03-21 Хранилище 5.50 120000692353 Цб 219752 120000692353 5 2.81 Дост: Dp Вид: Д N: 19 Дата: 28.04.2004 Книги
Vip Innovations Ltd, Rousse, Bulgaria 2025